|
|
|
|
| LEADER |
00000nab a2200000uu 4500 |
| 001 |
vtls010879506 |
| 003 |
SK-MaSNL |
| 005 |
20260305032620.0 |
| 008 |
230303|2013 xo |||||||||||||||||eng| |
| 015 |
|
|
|a SNBRB
|
| 035 |
|
|
|a (urnnbn)urn:nbn:sk:snk:ar-005w4c
|
| 035 |
|
|
|a (uuid)27c2a73c-0624-476d-98ea-7a7cd24a48f0
|
| 035 |
|
|
|a urn:nbn:sk:snk-ab7ng7
|
| 040 |
|
|
|a SNKBUCL
|b slo
|c SNKBUCL
|e AACR2
|
| 041 |
0 |
|
|a eng
|
| 044 |
|
|
|a xo
|c SK
|
| 080 |
|
|
|a -026.78
|2 2001
|
| 080 |
|
|
|a (048.8)
|2 2001
|
| 100 |
1 |
|
|a Mosnáčková, Katarína
|4 aut
|9 830240
|
| 245 |
1 |
0 |
|a Polyamide grafted with polypyrrole: formation, properties, and stability
|c Katarína Mosnáčková, Mária Omastová, Pavol Fedorko, Mohamed M. Chehimi
|
| 504 |
|
|
|a Bibliogr. odkazy
|
| 650 |
0 |
7 |
|a polyamid
|2 SNK
|9 1384672
|
| 650 |
0 |
7 |
|a polypyrol
|2 SNK
|9 1612136
|
| 650 |
0 |
7 |
|a chemické vlastnosti
|2 SNK
|9 162444
|
| 655 |
|
7 |
|a štúdie
|2 SNKPH
|9 57033
|
| 700 |
1 |
|
|a Omastová, Mária,
|d 1962-2024
|4 aut
|9 62579
|
| 700 |
1 |
|
|a Mohamed M. Chehimi
|4 aut
|9 830241
|
| 700 |
1 |
|
|a Fedorko, Pavol
|4 aut
|9 380239
|
| 773 |
0 |
|
|t Chemical papers
|g Roč. 67, č. 8 (2013), s. [979]-994
|
| 958 |
|
|
|a NB
|
| 958 |
|
|
|a OND
|
| 958 |
|
|
|a EUIPO
|
| 958 |
|
|
|a article8
|
| 999 |
|
|
|c 3320853
|d 3322783
|